000 00571nam a2200181Ia 4500
008 090124s9999 xx 000 0 und d
082 _b114874
100 _aटिळक लक्ष्मीबाई
245 _a स्मृतिचित्रें
250 _a1
260 _c1973
300 _a18+186+141
600 _aटिळक लक्ष्मीबाई
630 _a स्मृतिचित्रें
700 _aटिळक लक्ष्मीबाई
730 _a स्मृतिचित्रें
942 _cBOOK
999 _c160965
_d160965